| 000 | 00815nam a2200265Ia 4500 | ||
|---|---|---|---|
| 003 | OSt | ||
| 005 | 20221007123945.0 | ||
| 006 | a|||||r|||| 00| 0 | ||
| 007 | ta | ||
| 008 | 221006b |||||||| |||| 00| 0 eng d | ||
| 020 | _a9788181286369 (pbk) | ||
| 024 | _a82552 | ||
| 037 | _cTextbook | ||
| 040 |
_aCDL _cCDL _beng |
||
| 041 |
_2eng _aeng |
||
| 082 | _aE5:91, P1;3 Carc | ||
| 100 |
_aHellwinkel D _9718197 |
||
| 245 | 0 | _aSystematic nomenclature of organic chemistry:a directory to comprehension and application of its basic principles | |
| 260 |
_aBerlin _bSpringer _c2001 |
||
| 300 |
_ax, 228p. _ccm. |
||
| 500 | _aAppendix198-218p.; Index 219-228p. | ||
| 650 | _aOrganic chemistry | ||
| 942 |
_hE5:91, P1;3 Carc _cTB _2CC |
||
| 999 |
_c1212712 _d1212712 |
||